01491aam a2200277 i 4500001001000000003001000010005001700020007000300037008004100040020002200081040004800103041000800151082002100159100002800180245008800208264006700296264001200363300002700375336002700402337003300429338002800462505061700490563001501107630006501122700002601187768714001CO-MdFUSB20201021105040.0ta200513t1957 enk||||| |||| 00| 0 eng d a[No incluye ISBN] bspa.aCO-MdFUSBcCO-MdFUSBdCO-MdFUSBCerda aeng 223a226.07bK7451 aKnox, Wilfred L.eautor14aThe sources of the synoptic gospels c/ Wilfred L. Knox ; editado por H. Chadwick 1aCambridge, Inglaterra : bCambridge University Press, c[1957] 4c© 1957 a2 volúmenesc; 23 cm atextobtxt2rdacontent 2rdamediaasin mediaciónbn 2rdacarrieravolumenbnc aVolumen 1: St Mark - El primer grupo de historias de conflicto - Jesús y los demonios - El libro de parábolas - Libros de milagros - Nazarét y Juan el Bautista - Corban y diversos incidentes - Un libro de milagros locales - La sección central - La entrada a Jersalén - ¿Un segundo grupo de historias de conflicto? - La advertencia contra los escribas - El "pequeño apocalipsis" - La historia de la pasión - La historia de la resurrección Volumen 2: St Luke & St Matthew - La cuestión de Q - Las fuentes de Lucas - Las fuentes de Mateo - El problema de autenticidad - Los dichos de Oxyrhynchus aPasta dura 7aBiblia.pNuevo TestamentoxCrítica, interpretación, etc. aChadwick, H. eeditor